000 00440nam a22001697a 4500
003 MACL
005 20160730152042.0
008 160730b xxu||||| |||| 00| 0 eng d
040 _cMACL
041 _aEnglish
082 _a300 KUM
100 _aKumar, Rajender
_965841
245 _aRural And Urban Government
_cRajender Kumar
260 _aNew Delhi
_bJanshakti Prakashan
_c2009
650 _aSocial-Science
_965842
942 _2ddc
_cBK
999 _c55372
_d55372